000 01145nam a2200193Ia 4500
003 Ost
005 20260507075437.0
008 260507s9999||||xx |||||||||||||| ||und||
040 _cfsecg
041 _aara
082 _a330
100 _aبن اشنهو، عبد اللطيف
_eمؤلف
245 0 _aعصرنة الجزائر :
_bحصيلة وافاق /
_c عبد اللطيف بن اشنهو
260 _aالجزائر:
_bد.ن,
_c2004
300 _a159 صفحة؛
_c24 سم
520 _aتناول الكتاب المنتوجات الجزائرية و وواقع الخدمات ي الجزائر و بعض الأرقام حول التوازنات و البطالة و و ازدهار الاستهالاك في الجزائر كما تم تناول حصلة اقتصادية و اجتمماعية جد ايجابية حول الجزائر من 1999-2004 و كذلك التطرق الى التربية و التشغيل و الطاقة و الانفتاح الاقتصادي وكذا ترشيد التسيير الاقتصادي و اصلاح الدولة ..........
653 _aالاقتصاد - الجزائر
942 _cكتاب
999 _c44546
_d44546